| 000 | 00742nam a2200253 a 4500 | ||
|---|---|---|---|
| 008 | |||
| 020 | _a9781412911153 (pbk.) | ||
| 049 | _aMAIN | ||
| 090 |
_aBF721 _bKEE |
||
| 100 | 1 | _aKeenan, Thomas. | |
| 245 | 1 | 0 |
_aAn introduction to child development / _cThomas Keenan and Subhadra Evans. |
| 250 | _a2nd ed. | ||
| 260 |
_aLos Angeles : _bSage, _cc2009. |
||
| 300 |
_axviii, 405 p. : _bill. ; _c27 cm. |
||
| 504 | _aIncludes bibliographical references. | ||
| 500 | _aIncludes index. | ||
| 650 | 0 | _aDevelopmental psychology. | |
| 650 | 0 | _aChild psychology. | |
| 907 |
_a.b10314131 _b03-04-18 _c08-05-12 |
||
| 003 | |||
| 005 | 20230123125431.0 | ||
| 040 | _cNUST | ||
| 942 |
_cBOOKS _kBF721 _mKEE |
||
| 999 |
_c141442 _d141442 |
||